|
|
|
|
| LEADER |
00000nam a2200000 a 4500 |
| 001 |
vtls008832785 |
| 003 |
SK-MaSNL |
| 005 |
20260301205632.0 |
| 008 |
240318 000 0 eng |
| 040 |
|
|
|a SNK
|b slo
|c SNK
|e AACR2
|
| 100 |
1 |
|
|a Szoltsányi, Ernestum
|4 aut
|9 592021
|
| 245 |
1 |
0 |
|a Ode ad illustrissimum, ac reverendissimum d. Nicolaum Konde de Póka - Telek, ...
|
| 260 |
|
|
|a [ Debrecén ]
|b [s.n.]
|c 1801
|
| 300 |
|
|
|a 8 s.
|
| 999 |
|
|
|c 910883
|d 912813
|
| 952 |
|
|
|a SNK
|b SNK
|y VYP
|7 0
|p 17A0515782
|o snkSD 15554/7 D1
|i snkF 5100/77
|3 rekatalogizácia
|0 0
|1 0
|4 0
|d 2006-07-24
|l 0
|r 2026-02-24 07:42:45
|w 2026-02-24
|
| 952 |
|
|
|a SNK
|b SNK
|y VYP
|7 0
|p 17A0515783
|o snkSD 15554/7 D2
|i snkF 2961/73
|8 5
|3 rekatalogizácia
|0 0
|1 0
|4 0
|d 2006-07-24
|l 0
|r 2026-02-24 07:42:45
|w 2026-02-24
|